000 00313nam a22001337a 4500
008 170630b xxu||||| |||| 00| 0 eng d
020 _a2900534626630
041 _aeng
080 _a82
100 _a22
101 _aGJL
245 _aINTRODUCTION TO LOGIC AND CRITICAL THINKING
_cSALMON, M.H
942 _2udc
_cBK
999 _c19681
_d19681